Tri lásky (Record no. 22395)
[ view plain ]
| 000 -LEADER | |
|---|---|
| fixed length control field | 00954cam a2200301 a 4500 |
| 001 - CONTROL NUMBER | |
| control field | 22395 |
| 003 - CONTROL NUMBER IDENTIFIER | |
| control field | SK-KTurca |
| 005 - DATE AND TIME OF LATEST TRANSACTION | |
| control field | 20260327145613.0 |
| 008 - FIXED-LENGTH DATA ELEMENTS--GENERAL INFORMATION | |
| fixed length control field | 240315s1992 xo 0000f slo |
| 015 ## - NATIONAL BIBLIOGRAPHY NUMBER | |
| National bibliography number | SNBA1992/12 |
| 020 ## - INTERNATIONAL STANDARD BOOK NUMBER | |
| International Standard Book Number | 8022004073 |
| 035 ## - SYSTEM CONTROL NUMBER | |
| System control number | SNK000012727 |
| 040 ## - CATALOGING SOURCE | |
| Original cataloging agency | SNK |
| Language of cataloging | slo |
| Transcribing agency | SNK |
| Description conventions | AACR2 |
| 041 1# - LANGUAGE CODE | |
| Language code of text/sound track or separate title | slo |
| Language code of original | eng |
| 044 ## - COUNTRY OF PUBLISHING/PRODUCING ENTITY CODE | |
| MARC country code | xo |
| ISO country code | SK |
| 080 ## - UNIVERSAL DECIMAL CLASSIFICATION NUMBER | |
| Universal Decimal Classification number | 820-3 |
| Edition identifier | 1981 |
| 100 1# - MAIN ENTRY--PERSONAL NAME | |
| Personal name | Cronin, A. J. |
| Fuller form of name | (Archibald Joseph), |
| Dates associated with a name | 1896-1981 |
| Relationship | aut |
| 240 10 - UNIFORM TITLE | |
| Uniform title | Three Loves |
| Language of a work | Slovensky |
| 245 1# - TITLE STATEMENT | |
| Title | Tri lásky |
| Statement of responsibility, etc. | A.J. Cronin ; [z anglického originálu Three Loves ... preložil Jozef Šima] |
| 250 ## - EDITION STATEMENT | |
| Edition statement | 3. vyd. |
| 260 ## - PUBLICATION, DISTRIBUTION, ETC. | |
| Place of publication, distribution, etc. | Bratislava |
| Name of publisher, distributor, etc. | Slovenský spisovateľ |
| Date of publication, distribution, etc. | 1992 |
| Place of manufacture | Banská Bystrica |
| Manufacturer | Tlačiarne BB |
| 300 ## - PHYSICAL DESCRIPTION | |
| Extent | 476 s. |
| Dimensions | 20 cm |
| 655 #7 - INDEX TERM--GENRE/FORM | |
| Genre/form data or focus term | anglické romány |
| Source of term | SNKPH |
| 700 1# - ADDED ENTRY--PERSONAL NAME | |
| Personal name | Šimo, Jozef, |
| Dates associated with a name | 1909-1984 |
| Relationship | trl |
| 700 1# - ADDED ENTRY--PERSONAL NAME | |
| Personal name | Kovačevičová, Eva, |
| Dates associated with a name | 1955- |
| Relationship | ill |
| 942 ## - ADDED ENTRY ELEMENTS (KOHA) | |
| Source of classification or shelving scheme | Dewey Decimal Classification |
| Koha item type | Krásna literatúra pre dospelých |
| Suppress in OPAC | No |
| Stav vyradenia | Strata | Poškodenie | Spôsob nadobudnutia | Domovská knižnica | Aktuálna knižnica | Dátum nadobudnutia | Total checkouts | Čiarový kód exemplára | Date last seen | Typ exemplára |
|---|---|---|---|---|---|---|---|---|---|---|
| Dar | Obecná knižnica Horná Štubňa | Obecná knižnica Horná Štubňa | 27.03.2026 | 4736201978 | 27.03.2026 | Krásna literatúra pre dospelých |
